| 000 | 00548nam a22002057a 4500 | ||
|---|---|---|---|
| 999 |
_c6685 _d6685 |
||
| 001 | 5017 | ||
| 003 | BD-DhUAP | ||
| 005 | 20210116110328.0 | ||
| 008 | 210103s1995 ii a b 001 0 eng | ||
| 020 | _a0582541530 | ||
| 040 |
_aDNLM/DLC _cDLC _dBD-DhUAP _beng |
||
| 082 | 0 | 0 |
_a833.9 KAS _223 |
| 100 | _aKastner, Erich. | ||
| 245 |
_aEmil and the detectives / _cErich Kastner. |
||
| 260 |
_aHarlow : _bLongman, _cc1995. |
||
| 300 |
_a58 pages ; _c21 cm. |
||
| 490 | _aLongman classics. | ||
| 650 | _aDetective and mystery stories. | ||
| 942 |
_2ddc _cBK |
||